Ekologiczne aspekty gospodarki przestrzennej. (Rekord nr 46758)
| 000 -ETYKIETA REKORDU | |
|---|---|
| podpole kontrolne o stałej długości | 01014nam a2200277 i 4500 |
| 001 - NUMER KONTROLNY REKORDU | |
| pole kontrolne | bg |
| 003 - IDENTYFIKATOR NUMERU KONTROLNEGO REKORDU | |
| podpole kontrolne | BPK |
| 005 - DATA OSTATNIEJ MODYFIKACJI REKORDU | |
| podpole kontrolne | 20210607133659.0 |
| 008 - POLE O STAŁEJ DŁUGOŚCI - DANE KONTROLNE | |
| podpole kontrolne o stałej długości | 041010s2004 pl a f |000 0 pol |
| 020 ## - MIĘDZYNARODOWY ZNORMALIZOWANY NUMER KSIĄŻKI - ISBN | |
| ISBN | 8388771469 |
| 040 ## - ŹRÓDŁO KATALOGOWANIA | |
| Instytucja, która utworzyła rekord | BPK |
| 041 0# - KOD JĘZYKA | |
| Kod języka tekstu | pol |
| 080 ## - UNIWERSALNA KLASYFIKACJA DZIESIĘTNA - UKD | |
| UKD | 711.2(438) |
| 080 ## - UNIWERSALNA KLASYFIKACJA DZIESIĘTNA - UKD | |
| UKD | 504.03(438) |
| 245 00 - TYTUŁ/ODPOWIEDZIALNOŚĆ | |
| Tytuł | Ekologiczne aspekty gospodarki przestrzennej. |
| Oznaczenie części/sekcji dzieła | T. 2 / |
| Pozostałe elementy strefy tytułu i oznaczenia odpowiedzialności | pod red. Teresy Łaguny. |
| 260 ## - STREFA ADRESU WYDAWNICZEGO | |
| Miejsce wydania | Białystok : |
| Nazwa wydawcy/dystrybutora | Wydaw. "Ekonomia i Środowisko", |
| Data publikacji, dystrybucji/powstania dokumentu | 2004. |
| 300 ## - STREFA OPISU FIZYCZNEGO | |
| Objętość | 286 s. : |
| Inne cechy fizyczne | wykr. ; |
| Rozmiary | 24 cm. |
| 500 ## - UWAGI OGÓLNE | |
| Tekst uwagi | T. 1 ukazał się pt.: " Ekonomiczne aspekty gospodarki przestrzennej". |
| 504 ## - UWAGA DOTYCZĄCA BIBLIOGRAFII | |
| Informacje o bibliografii | Bibliogr. przy rozdz. |
| 650 #4 - HASŁO PRZEDMIOTOWE W FORMIE NAZWY OGÓLNEJ LUB JEDNOSTKOWEJ | |
| Nazwa ogólna lub geograficzna | Planowanie przestrzenne |
| Określnik ogólny | polityka |
| Określnik geograficzny | Polska |
| Określnik chronologiczny | od 1989 r. |
| 650 #4 - HASŁO PRZEDMIOTOWE W FORMIE NAZWY OGÓLNEJ LUB JEDNOSTKOWEJ | |
| Nazwa ogólna lub geograficzna | Ochrona środowiska |
| Określnik geograficzny | Polska |
| Określnik chronologiczny | od 1989 r. |
| 650 #4 - HASŁO PRZEDMIOTOWE W FORMIE NAZWY OGÓLNEJ LUB JEDNOSTKOWEJ | |
| Nazwa ogólna lub geograficzna | Ekorozwój |
| Określnik geograficzny | Polska |
| Określnik chronologiczny | od 1989 r. |
| 700 1# - HASŁO DODATKOWE - NAZWA OSOBOWA | |
| Nazwa osobowa | Łaguna, Teresa Maria |
| Daty związane z nazwą | (1945- ) |
| Określenie związku między hasłem a opisywanym materiałem | Redakcja |
| 856 ## - LOKALIZACJA I DOSTĘP DO ELEKTRONICZNYCH DOKUMENTÓW ZDALNYCH | |
| Link (URL) | http://koha.tu.koszalin.pl/cgi-bin/koha/opac-detail.pl?biblionumber=46758 |
| Tekst linku | Katalog online BPK |
| 942 ## - DODATKOWE ELEMENTY (KOHA) | |
| Typ dokumentu | Książka |
| Schemat klasyfikacji | Uniwersalna Klasyfikacja Dziesiętna |
| Wycofany | Status egzemplarza | Uszkodzony | Dostępność | Lokalizacja stała | Lokalizacja bieżąca | Miejsce przechowywania | Sygnatura | Kod kreskowy | Dział | Typ dokumentu | Ostatnio wypożyczono |
|---|---|---|---|---|---|---|---|---|---|---|---|
| Tylko na miejscu | Biblioteka Politechniki Koszalińskiej | Biblioteka Politechniki Koszalińskiej | Czytelnia Wydziałowa ul. Kwiatkowskiego 6e | 76926 | 02299303 | 71 Planowanie przestrzenne. Urbanistyka | Książka | ||||
| Dostępny | Biblioteka Politechniki Koszalińskiej | Biblioteka Politechniki Koszalińskiej | Wypożyczalnia BG | 76927 | 02299297 | Książka | 31.07.2013 | ||||
| Dostępny | Biblioteka Politechniki Koszalińskiej | Biblioteka Politechniki Koszalińskiej | Wypożyczalnia BG | 76928 | 02299280 | Książka |
